Опыт организации программы комплексных мер противодействия употреблению наркотических средств студентами Томского политехнического университета; Студенчество и наркомания: пути решения проблемы

書目詳細資料
Parent link:Студенчество и наркомания: пути решения проблемы.— 2000.— С. 129-131
主要作者: Иванкина Л. И. Любовь Ивановна
其他作者: Водопьянов А. В. Анатолий Васильевич
總結:В фонде НТБ ТПУ отсутствует
語言:俄语
出版: 2000
主題:
格式: MixedMaterials Book Chapter
KOHA link:https://koha.lib.tpu.ru/cgi-bin/koha/opac-detail.pl?biblionumber=598222

MARC

LEADER 00000naa0a2200000 4500
001 598222
005 20250306163042.0
035 |a (RuTPU)RU\TPU\tpu\21776 
035 |a RU\TPU\tpu\21775 
090 |a 598222 
100 |a 20120919d2000 k y0rusy50 ca 
101 0 |a rus 
102 |a RU 
200 1 |a Опыт организации программы комплексных мер противодействия употреблению наркотических средств студентами Томского политехнического университета  |f Л. И. Иванкина, А. В. Водопьянов 
333 |a В фонде НТБ ТПУ отсутствует 
463 |t Студенчество и наркомания: пути решения проблемы  |o материалы Всероссийской научно-практической конференции  |v С. 129-131  |d 2000 
610 1 |a труды учёных ТПУ 
700 1 |a Иванкина  |b Л. И.  |c специалист в области философии, социологии и психологии образования  |c профессор Томского политехнического университета, доктор философских наук  |f 1956-  |g Любовь Ивановна  |3 (RuTPU)RU\TPU\pers\25426  |9 11368 
701 1 |a Водопьянов  |b А. В.  |c специалист в области машиностроения  |c доцент Томского политехнического университета, кандидат технических наук  |f 1938-2011  |g Анатолий Васильевич  |3 (RuTPU)RU\TPU\pers\24239  |9 10725 
801 1 |a RU  |b 63413507  |c 20120919 
801 2 |a RU  |b 63413507  |c 20131206  |g RCR 
942 |c BK